Sanat - "Kaksipa poikaa kurikasta" - Statistics

Yleistilastot
  • Tätä visaa on pelattu 10 kertaa
  • Keskiarvotulos 76 / 154
Vastaustilastot
Vastaus % Oikein
Kaksipa
100%
kaksipa
100%
komiasti
100%
Kurikasta
100%
kurikasta
100%
liikkuu
100%
niin
100%
poikaa
100%
hopiasta
88%
ja
88%
oli
88%
punaset
88%
resorit
88%
me
63%
pislaipiippu
63%
sitten
63%
vettä
63%
Ensin
50%
ensin
50%
kohiseva
50%
koski
50%
kun
38%
olla
38%
on
38%
punaposki
38%
rannalla
38%
se
38%
tyttö
38%
kohisevan
25%
kosken
25%
Mikäs
25%
mikäs
25%
nöyrä
25%
pitäjässä
25%
poijalla
25%
ruskottaa
25%
saari
25%
siel
25%
taitaa
25%
töyrä
25%
trenkää
25%
virran
25%
appifaari
13%
ei
13%
flikkoja
13%
järvellä
13%
pikarissa
13%
pirtua
13%
poijat
13%
rakastaa
13%
tuolla
13%
vertaastansa
13%
Ajetaanpa
0%
ajetaanpa
0%
käyrään
0%
kevarissa
0%
kuuresa
0%
kyyrillä
0%
passaamassa
0%
viiressä
0%
Ehtoja vastaavia visoja ei löytynyt
Tulosjakauma
Jokaisen tuloksen saaneiden osuus
Persentiili vastausten määrän mukaan
Tuloshistoriasi
Et ole pelannut tätä visaa